Sixth River (Record no. 26488)

MARC details
000 -LEADER
fixed length control field 01982 a2200157 4500
020 ## - INTERNATIONAL STANDARD BOOK NUMBER
ISBN 9789389231151
082 ## - DEWEY DECIMAL CLASSIFICATION NUMBER
Classification number 954.04
Item number TAU-S
100 ## - MAIN ENTRY--AUTHOR NAME
Personal name Taunsvi, Fikr
245 ## - TITLE STATEMENT
Title Sixth River
Sub Title :A journal from the Partition of India
260 ## - PUBLICATION, DISTRIBUTION, ETC. (IMPRINT)
Name of publisher Speaking Tiger
Year of publication 2018
Place of publication New Delhi
300 ## - PHYSICAL DESCRIPTION
Number of Pages 178p.
520 ## - SUMMARY, ETC.
Summary, etc <br/>The Partition of India in 1947 left millions displaced amidst indiscriminate murders, rapes and looting. The Sixth River, originally published as Chhata Darya, is an extraordinary first-person account of that violent time. Born Ram Lal Bhatia in the town of Taunsa Sharif, then in the Punjab, Fikr Taunsvi left for the cosmopolitan city of Lahore in the 1930s. Here he worked with various newspapers, wrote poetry and articles, and became a part of the intellectual circle. But when independence was announced, Fikr was faced with a new reality--of being a Hindu in his beloved city, now in Pakistan. The Sixth River is the journal Fikr wrote from August to November 1947 as Lahore disintegrated around him. Fikr is angry at the shortsightedness and ineptness of Radcliffe, Nehru, Gandhi and Jinnah. In the company of likeminded friends such as Sahir Ludhianvi, he mourns the loss of the art and culture of Lahore in the bloodlust and deluded euphoria of freedom; and derides the newly converted, who adopted stereotypical religious symbols. He is bewildered when old friends suddenly turn staunch nationalists and advise him to either convert or leave the country. And the deep, unspeakable trauma millions faced during Partition reaches Fikr's doorstep when his neighbour murders his daughter, and when he is eventually forced to migrate to Amritsar in India. Powerful, ironic and deeply harrowing, The Sixth River is an invaluable account of the Partition. This brilliant translation by Maaz Bin Bilal makes the classic available in English for the first time.
546 ## - LANGUAGE NOTE
Language note <br/>
650 ## - SUBJECT ADDED ENTRY--TOPICAL TERM
Topical Term History
Form subdivision Partition (1947)
-- Fikr Taunswi--Diaries.
Geographic subdivision India
942 ## - ADDED ENTRY ELEMENTS (KOHA)
Source of classification or shelving scheme Dewey Decimal Classification
Koha item type Books
Holdings
Withdrawn status Lost status Damaged status Not for loan Home library Current library Date acquired Source of acquisition Cost, normal purchase price Bill Date Full call number Accession Number Cost, replacement price Price effective from Koha item type
        NASSDOC Library NASSDOC Library 01/02/2021 Overseas Press India Pvt. Ltd 364.27 2021-01-21 954.04 TAU-S 51199 499.00 01/02/2021 Books